000 01240naa a22003617a 4500
001 BR7000637
003 BR-BrBNA
005 20240918173407.0
007 ta
008 230509b bl.||||| |||| 00| 0 por d
040 _aBR-BrBNA
_bpor
_cBiblioteca Nacional de Agricultura
041 _a(Pt)
072 _aF60
_b0332
_b3575
_b3920
_bG514
090 _aF60 BR7000637
100 1 _aLopes, E.S.
100 1 _aTella, R. de
100 1 _aRocha, J.L.V. da
100 1 _aIgue, T.
111 1 _a5. Reuniao Latino Americana de Rhizobium
_cRio de Janeiro, GB (Brazil)
_d22 Jul 1970
245 1 _aEnsaio sobre inoculacao de sementes de amendoim (Arachis hypogaea)[Rhizobium, estirpe, peletizacao, nodulo, Brasil]
260 3 _aItaguai, RJ (Brasil):
_c1970.
500 _aAnais da 5. Reuniao Latino Americana de Rhizobium Itaguai, RJ (Brasil): 1970. p. 274-281 (BR7000637-AM)F60
650 _aAMENDOIM
650 _aSEMENTE
650 _aRHIZOBIUM
650 _aESTIRPE
650 _aINOCULACAO
650 _aNODULO
650 _aPELETIZACAO
773 0 _tAnais da 5. Reuniao Latino Americana de Rhizobium
_wF60 BR7000637
_gItaguai, RJ (Brasil), 1970. p. 274-281
909 _a202404
_bLucia
_c55
_dLucia Elande
942 _cAM
_2AGRIS
999 _c304365
_d304365